Comentarios de la Guerra de las Galias y de la guerra civil

Kaydedildi:
Detaylı Bibliyografya
Yazar: Julio César (Yazar)
Materyal Türü: Kitap
Dil:İspanyolca
Baskı/Yayın Bilgisi: Barcelona, España Iberia 1982
Edisyon:Segunda edición
Seri Bilgileri:Obras Maestras
Konular:
Etiketler: Etiketle
Etiket eklenmemiş, İlk siz ekleyin!

MARC

LEADER 00000nam a2200000 a 4500
001 UCW8235
003 CL-VaPUC
005 20210604001726.0
008 880722e19820000SP |||||||||||||||||spa|d
999 |c 331015  |d 331013 
020 |a 8470820893 
040 |c Pontificia Universidad Católica de Valparaíso 
082 0 4 |a 937 CES 1982  |2 21 
100 |a Julio César  |e author  |9 554667 
245 1 0 |a Comentarios de la Guerra de las Galias y de la guerra civil 
250 |a Segunda edición 
260 |a Barcelona, España  |b Iberia  |c 1982 
300 |a 449 páginas 
490 0 |a Obras Maestras 
500 |a Contiene comentario de la Guerra de Alejandria, atribuido a Aulo Hircio y los de la Guerra de Africa y Guerra de España, de autores ignorados 
500 |a Con las notas de Napoleón a los comentarios de la Guerra de las Galias 
583 |a last modification  |c 19880722 00:00:00  |k Rodrigo Vera 
650 0 |a Historia  |x GUERRAS  |z ROMA  |9 255047 
650 7 |a GUERRA CIVIL  |z ROMA  |9 856299 
852 |a BIBCUR 
942 |c BK  |2 ddc 
945 |d 19880722 00:00:00 
952 |0 0  |1 0  |2 ddc  |4 0  |6 937_000000000000000_CES_1982  |7 0  |8 A  |9 417107  |a BIBHIS  |b BIBHIS  |d 2019-11-22  |i 2815427  |o 937 CES 1982  |p 2815427  |r 2025-01-20  |t 1  |w 2019-11-22  |y BK  |k HIS 
952 |0 0  |1 0  |2 ddc  |4 0  |6 937_000000000000000_CES_1982  |7 0  |8 A  |9 417108  |a BIBHIS  |b BIBHIS  |d 2019-11-22  |i 1363239  |o 937 CES 1982  |p 1363239  |r 2025-01-20  |t 2  |w 2019-11-22  |y BK  |k HIS